01846 2200205 4500001002100000005001500021008004100036020001800077035002000095082000800115084001400123100001100137245003400148250000600182260003800188300002100226520137100247600001001618990001201628INLIS00000000000138520240711095138240711 d 1 ind  a9786020321349 a0010-0724000005 a813 a813 CHA s0 aCharon1 a9 Misi Sang Penjaga /cCharon a1 aJakarta :bKompas Gremedia,c2018 a232 hlm ;c20 cm aAnas adalah gadis populer di sekolahnya. Ia memiliki banyak teman dan menjadi anggota tim voli unggulan. Namun dibalik semua itu tersimpan rahasia besar. Anas adalah penjaga negeri dongeng yang penuh intrik, budaya, dan keajaiban. Dengan kalung yang dimilikinya, ia dapat berpindah dunia dan menjalankan misi untuk membantu para karakter utama di negeri tersebut. Namun, karena kecerobohannya, Rio teman satu kelasnya tidak sengaja terbawa ke negeri dongeng. Si cowok pelit senyum, pelit ngomong, dan punya masa lalu kelam itu kesal karena hidupnya yang tenang tiba-tiba jungkir balik oleh kehadiran Anas. Keduanya terlibat aksi petualangan seru, dimulai dari mencari pangeran untuk putri Raja sampai dikejar-kejar Raksasa. Tapi ketika nyawa ikut menjadi taruhannya, sanggupkah Anas menjadi penjaga sejati? Deskripsi: Buku 9 Misi Sang Penjaga adalah sebuah novel yang mengisahkan tentang seorang anak bernama Anas, gadis populer yang harus terlibat masalah dengan Rio seorang lelaki sensitif yang tidak suka keramaian. Novel ini menyajikan cerita yang akan menarik minat para pembacanya sampai akhir. Pembaca akan diajak untuk terus penasaran dengan setiap kisah yang ada di buku ini hingga tidak bisa berhenti membaca. Charon sebagai penulis novel ini mengasosiasikan plot yang sudah ada dalam dongeng-dongeng nusantara dengan kisah Anas dan Rio, menarik bukan? 4aNovel a0750952